La personacin̤ procesal ante el juzgado de instruccin̤ y de menores

Bibliographic Details
Format: eBook
Language:Spanish
Published: Barcelona: J.M. Bosch Editor, 2018
Subjects:
Online Access:Acceso restringido

MARC

LEADER 00000nam a22000007a 4500
005 20190407160646.0
007 cr|||| ||||
008 190407s2018 es |||||s|||| 00||0 spa d
020 |a 978-84-948096-3-7 
035 |a 23082 
040 |a vLex 
090 |c 8577  |d 8577 
245 0 2 |a La personacin̤ procesal ante el juzgado de instruccin̤ y de menores  |h [Recurso electrn̤ico] / 
256 |a Servicio en ln̕ea 
260 |a Barcelona:  |b J.M. Bosch Editor,  |c 2018 
300 |a 1 recurso electrn̤ico 
500 |a Esta obra trata de colmar los distintos vaco̕s legales con los que nos encontramos en la regulacin̤ legal de la personacin̤ en el proceso penal, poniendo a disposicin̤ del lector diversas soluciones dirigidas a cumplir las expectativas legales de quienes deben o quieren participar como parte. Desde una perspectiva prc̀tica, fundamentada en la doctrina, jurisprudencia y prc̀tica forense, se examinan y clarifican diversos aspectos relacionados con la intervencin̤ de las distintas partes en el proceso penal como acusadoras, investigadas y responsables civiles, as ̕como los requisitos, facultades, actuaciones y efectos de su personacin̤ en el proceso penal. 
506 1 |a Disponible solo en los productos indicados  |d vLex Global  |d vLex Global (Academic Edition, excluding Law Schools)  |d vLex Global (U.S. Academic Edition, Law Schools)  |d vLex Global (U.S. Academic Edition, excluding Law Schools)  |d vLex Global (Academic Edition, Law Schools) 
650 0 4 |a Procedimiento Penal  |z Espaą 
740 0 |a vLex Libros (Servicio en ln̕ea) 
856 4 0 |u http://vlex.com/source/personacion-procesal-ante-el-juzgado-de-instruccion-y-de-menores-23082  |z Acceso restringido 
942 |c BOOK 
999 0 |a Penal procedure